000 00696nam a2200217Ii 4500
003 JO-AjNU
008 230605s9999||||xx |||||||||||||| ||und||
017 _a1996/9/1264
040 _aJO-AjNU
_bara
_erda
_cJO-AjNU
041 _aara
050 1 4 _aPJ6807.A5 1996
100 3 _aجمع وتصنيف: العمد، هاني,
_eauthor
_957023
245 0 0 _aالأمثال الشعبية الأردنية
250 _aط2
264 3 1 _aعمان: وزارة الثقافة، 1996
300 _a638ص
336 _atext
_btxt
_2rdacontent
337 _aunmediated
_bn
_2rdamedia
338 _avolume
_bnc
_2rdacarrier
650 4 _aالامثال العامية العربية- الاردن
_957024
999 _aA25529
_c29097
_d29097